|
|
|
|
| LEADER |
00000nam a2200000 a 4500 |
| 001 |
vtls010591400 |
| 003 |
SK-MaSNL |
| 005 |
20260301174832.0 |
| 008 |
240313 1973 dk 000 0 dan |
| 040 |
|
|
|a SNK
|b slo
|c SNK
|e AACR2
|
| 041 |
0 |
|
|a dan
|
| 044 |
|
|
|a dk
|c DK
|
| 080 |
|
|
|a 820-93-3
|2 1981
|
| 100 |
1 |
|
|a Swift, Jonathan,
|d 1667-1745
|4 aut
|9 98559
|
| 245 |
1 |
|
|a Gullivers rejser
|c Jonathan Swift ; pá dansk ved Mona Giersing ; Illustr. af Jean-Jacques Vayssières
|
| 260 |
|
|
|a [København]
|b Lademann
|c 1973
|
| 300 |
|
|
|a 143 s.
|c 4°
|
| 490 |
1 |
|
|a Ungdommens klassikere
|
| 655 |
|
7 |
|a publikácie pre deti
|2 SNKPH
|9 70148
|
| 700 |
1 |
|
|a Vayssières, Jean-Jacques
|4 ill
|9 547850
|
| 830 |
|
0 |
|a Ungdommens klassikere
|9 547851
|
| 958 |
|
|
|a OND
|
| 999 |
|
|
|c 840821
|d 842751
|
| 952 |
|
|
|a SNK
|b SNK
|y PREZ
|7 0
|p 17A0901346
|o snkSB 20516
|i snkKIP 3231/74
|0 0
|1 0
|4 0
|d 2014-04-14
|f 1
|l 0
|r 2025-03-25 00:00:00
|w 2026-02-24
|